| 000 | 01616nam a2200241Ia 4500 | ||
|---|---|---|---|
| 999 |
_c34833 _d34833 |
||
| 001 | 644 | ||
| 003 | GE_BSU | ||
| 005 | 20221027170826.0 | ||
| 008 | 181216s1993||||ge |||||||||||||| ||und|| | ||
| 040 | _cGE_BSU | ||
| 041 | _ageo | ||
| 080 | _a339.138(075.8) კ-79 | ||
| 100 |
_aკოტლერი, ფილიპ _915615 |
||
| 245 |
_aმარკეტინგის საფუძვლები : _b ნაწ. 1 / _cფილიპ კოტლერი ; ა.ი. თეთრაულის საერთო რედ. ; თბილისის ბიზნესისა და მარკეტინგის უმაღლესი სკოლა. |
||
| 264 |
_aთბილისი : _bმაცნე, _c1993. |
||
| 300 |
_a257 გვ.: _bილ.; _c20 სმ. |
||
| 500 | _a ნაშრომში გადმოცემულია მარკეტინგის მთელი კომპლექსი, მისი შემადგენელი ელემენტები, აგრეთვე ნაჩვენებია, თუ როგორ გამოვიყენოთ იგი ამა თუ იმ კონკრეტულ საბაზრო სიტუაციაში. | ||
| 541 | _h6ლ. | ||
| 653 | _aმარკეტინგის საფუძვლები | ||
| 700 |
_aთეთრაული, ა.ი. _eრედაქტორი _915616 |
||
| 710 |
_aთბილისის ბიზნესისა და მარკეტინგის უმაღლესი სკოლა. _915617 |
||
| 942 |
_cBK _2udc |
||